Brooke consults further (Record no. 117109)
[ view plain ]
| 000 -LEADER | |
|---|---|
| fixed length control field | 00960cam a2200193 4500 |
| 001 - CONTROL NUMBER | |
| control field | WB4011-20 |
| 008 - FIXED-LENGTH DATA ELEMENTS--GENERAL INFORMATION | |
| fixed length control field | 040316n2004 000 0 eng u |
| 035 ## - SYSTEM CONTROL NUMBER | |
| System control number | (Sirsi) u125434 |
| 245 ## - TITLE STATEMENT | |
| Title | Brooke consults further |
| 260 ## - PUBLICATION, DISTRIBUTION, ETC. | |
| Date of publication, distribution, etc. | 2004 |
| 490 ## - SERIES STATEMENT | |
| Series statement | RICS Feature |
| Volume/sequential designation | 16 March 2004 (2) |
| 520 ## - SUMMARY, ETC. | |
| Summary, etc. | The Brooke Review second stage consultation "Reviewing how RICS works for you" is available to download from http://www.rics.org/about_us/about_rics/brooke_rev iew.html. Responses to the consultation need to be returned by 10 May 2004. The Brooke Review Committee has been established by RICS President Nick Brooke to recommend improvements in communications between RICS and its members, to encourage greater involvement in RICS affairs and to make the arrangements for considering members' opinions and complaints more effective. |
| 590 ## - LOCAL NOTE (RLIN) | |
| Local note | WB |
| 590 ## - LOCAL NOTE (RLIN) | |
| Local note | WB |
| 650 ## - SUBJECT ADDED ENTRY--TOPICAL TERM | |
| Topical term or geographic name entry element | BROOKE REVIEW |
| 650 ## - SUBJECT ADDED ENTRY--TOPICAL TERM | |
| Topical term or geographic name entry element | RICS MEMBERSHIP |
| 690 ## - LOCAL SUBJECT ADDED ENTRY--TOPICAL TERM (OCLC, RLIN) | |
| Topical term or geographic name as entry element | RICS |
| 942 ## - ADDED ENTRY ELEMENTS (KOHA) | |
| Suppress in OPAC | 0 |
| Withdrawn status | Lost status | Source of classification or shelving scheme | Damaged status | Not for loan | Home library | Current library | Shelving location | Date acquired | Total Checkouts | Full call number | Barcode | Date last seen | Copy number | Price effective from | Koha item type |
|---|---|---|---|---|---|---|---|---|---|---|---|---|---|---|---|
| Dewey Decimal Classification | London | London | News article | 16/03/2004 | WB4011-20 | 125434-1001 | 06/08/2019 | 1 | 06/08/2019 | News article |